Mal u nás veľa priateľov

Bibliographic Details
Format: Article
Language:Slovak
Subjects:

MARC

LEADER 00000nab a2200000 ar4500
001 vtls009003265
003 SK-MaSNL
005 20260303065539.0
008 070628c19760724xo |r|p|||||||000 b|slo
015 |a SNBRB1976 
038 |a SNKBUCL 
040 |a SNKBUCL  |b slo  |c SNKBUCL  |e AACR2 
041 |a slo 
044 |a xo  |c SK 
080 |a 75.071.1  |2 1997 
080 |a 76.071.1  |2 1997 
245 0 0 |a Mal u nás veľa priateľov  |c [autor] M. N. 
600 1 7 |a Kasijan, Vasyľ Illič,  |d 1896-1976  |2 snkbucl  |9 164658 
773 0 |t Pravda  |g (24.7.1976), s. 5 
852 |a SNK  |b KIS3GCP 
958 |a BC 
999 |c 1751643  |d 1753573